| 000 | 00482nam a2200181Ia 4500 | ||
|---|---|---|---|
| 001 | 8714 | ||
| 005 | 20260306160630.0 | ||
| 008 | 260306t2009||||xx |||||||||||||| ||spa|| | ||
| 041 | _aESP | ||
| 082 |
_a371.3 _bH442 |
||
| 100 |
_aHidalgo Matos, Menigno _eAUT |
||
| 245 | 0 |
_aModerna gestión pedagógica: _baplicable a todo nivel, modalidad, asignatura y área |
|
| 260 | _c2009 | ||
| 300 |
_a195 páginas : _c29 cm. |
||
| 650 | _aGEN | ||
| 654 | _aCED | ||
| 942 |
_cLIB _dJUS _fJUS _2ddc _n |
||
| 999 |
_c8714 _d8714 |
||